000 00439nam a22001817a 4500
003 MPLRDC
005 20220104114642.0
008 210129b ||||| |||| 00| 0 eng d
020 _a962-231-399-X
082 _a820.7 CYZ
100 _a陈永正
245 _a无边风月卷中来
_c
250 _a初版
260 _a
_b中华书局
_c1990
300 _b
650 _a中国文学总论--杂文, 演讲
942 _cBK
_o820.7 CYZ
999 _c9159
_d9149